| 000 | 00963 aa a2200217 4500 | ||
|---|---|---|---|
| 005 | 20171226115030.0 | ||
| 010 | _aHIN-87959 | ||
| 020 |
_a8178793598 _c95.00 |
||
| 035 | _aHN-60305 | ||
| 037 | _bDBAD / PUB | ||
| 082 | _a796.346 | ||
| 100 | _aथानी,योगराज | ||
| 245 |
_aटेबल टेनिस सीखें/ _cयोगराज थानी |
||
| 246 |
_aTable tenis seekhen _bby Yograj Thani |
||
| 260 |
_aनई दिल्ली _bस्पोर्टस पब्लिकेशन _c2009 |
||
| 270 |
_a7/26, (ग्राउंड फ्लोर) अंसारी रोड,दरियागंज _bनई दिल्ली _e110002 _k(ऑ)65749511(नि.)27562163(मो.)9868028838 _mlakshaythani@hotmail.com |
||
| 300 |
_a63पृ _c22सेमी(सजिल्द) |
||
| 650 | _aटेबल टेनिस | ||
| 650 | _aTable tennis | ||
| 942 |
_adpl _cHN _2ddc _h796.346 _mथानीयो |
||
| 999 |
_c30573 _d30573 |
||